As maiores cidades da América por foto - Statistics

Estatísticas Gerais
  • Esse quiz foi jogado 107 vezes
  • A pontuação média é 11 de 16
Estatísticas das Respostas
Imagem Resposta % Correto
Rio de Janeiro
97%
São Paulo
91%
Nova York
84%
Brasília
82%
Buenos Aires
82%
Cidade do México
78%
Lima
78%
Salvador
76%
Santiago
75%
Bogotá
70%
Los Angeles
64%
Toronto
60%
Chicago
58%
Caracas
51%
Recife
22%
Guayaquil
11%
Nenhum quiz correspondente encontrado
Distribuição das Pontuações
Porcentagem de Pessoas com Cada Pontuação
Percentil de Números Respondidos
Sua Pontuação Histórica
Você não jogou esse quiz